000 00902 a2200217 4500
001 47504
005 20260407155742.0
008 260407a2007 arg spa d
003 AR-UNSa-BCEJYS
040 _aAR-UNSa-BCEJYS
_bspa
_cAR-UNSa-BCEJYS
080 _a530
_xFísica
245 1 0 _aLa física en la vida cotidiana
020 _a978-987-1220-81-6
264 1 _aBuenos Aires :
_bSiglo XXI Editores Argentina
_c2007
300 _a221 p.
_c19 cm.
505 _a1. Lo que se ve y que se oculta - 2. Lo que se frena, lo que gira y lo que se acelera - 3. Lo que flota, lo que vuela y lo que se hunde - 4. Lo que suena y lo que calla - 5. Lo que se atrae y lo que se repele - 6. Lo frio y lo caliente
942 _cBK
590 _aniveau_biblio:m niveau_hierar:0
100 1 _aRojo, Alberto
856 4 1 _uhttps://www.biblioeco.unsa.edu.ar/pmb/images/libros/L127542.jpg
_yImagen de portada
_qimage/jpeg
999 _c4395
_d4395